Innovative Model of Accreditation in Environmental Fields of University Study in Slovakia
Vysokoškolské vzdelávanie na slovenských vysokých školách (štátnych a súkromných) a na univerzitách sa uskutočňuje takmer 15 rokov európskou štruktúrou študijných odborov. V rámci nich sa vytvárajú a akreditujú jednotlivé študijné programy. Autori ako členovia stálych pracovných skupín akreditačnej...
Uložené v:
| Hlavný autor: | |
|---|---|
| Ďalší autori: | , |
| Médium: | Kapitola |
| Jazyk: | English |
| Predmet: | |
| Tagy: |
Žiadne tagy, Buďte prvý, kto otaguje tento záznam!
|
MARC
| LEADER | 00000naa a2200000 4500 | ||
|---|---|---|---|
| 001 | 0259682 | ||
| 005 | 20240502083740.6 | ||
| 041 | 0 | |a eng | |
| 044 | |a NL | ||
| 245 | 1 | 0 | |a Innovative Model of Accreditation in Environmental Fields of University Study in Slovakia |c Milan Majerník, Naqibullah Daneshjo, Gabriela Sančiová |
| 520 | |a Vysokoškolské vzdelávanie na slovenských vysokých školách (štátnych a súkromných) a na univerzitách sa uskutočňuje takmer 15 rokov európskou štruktúrou študijných odborov. V rámci nich sa vytvárajú a akreditujú jednotlivé študijné programy. Autori ako členovia stálych pracovných skupín akreditačnej komisie - a poradného orgánu slovenskej vlády - prezentujú stav akreditačného procesu, ich skúsenosti a ponaučenia z rôznych oblastí výskumu v kontexte globalizačných trendov a kritérií pre medzinárodnú akreditáciu. Takto formulujú koncepciu inovatívneho a inštitucionálneho zabezpečovacieho modelu akreditačného procesu kompatibilného s akreditáciou v ekonomike Slovenska a s pravidlami a kritériami európskej akreditácie. | ||
| 610 | 2 | 0 | |a akreditácia |
| 610 | 2 | 0 | |a štúdium vysokoškolské |
| 610 | 2 | 0 | |a Slovensko |
| 610 | 2 | 0 | |a akreditácia |
| 100 | 1 | |a Majerník, Milan | |
| 700 | 1 | |a Daneshjo, Naqibullah, 1964- | |
| 700 | 1 | |a Sančiová, Gabriela, 1991- | |